000 01254nam a2200313 i 4500
001 147839
003 ES-MaACL
005 20250813063329.0
007 t|
008 071005s1981 sp ||||1| spa d
017 _aSA 130-1981
_bOficina Depósito Legal Cantabria
020 _a84-600-2392-3
080 _a903.2(463.3)
080 _a903(463.3)
100 1 _aUtrilla Miranda, Pilar,
_d1951-
_eaut
_9112341
245 1 3 _aEl magdaleniense inferior y medio en la costa cantábrica /
_cpor Pilar Utrilla Miranda
260 _aSantander :
_bCentro de Investigación y Museo de Altamira,
_c1981
300 _a335 páginas :
_bilustraciones ;
_c31 cm
_e
490 1 _aMonografías (Centro de Investigación y Museo de Altamira)
_v4
_9241422
500 _aÍndice
650 4 _aMagdaleniense-
_zCantabria (Comunidad Autónoma)
_9241721
651 4 _aCantabria (Comunidad Autónoma)-
_xRestos arqueológicos prehistóricos
_9241722
710 2 _aMuseo y Centro de Investigación de Altamira
_eedt
_95930
830 0 _aMonografías (Centro de Investigación y Museo de Altamira)
_v4
_9241422
852 _aES-MaACL
_bR.102280
_cDEPO2
_jL-1766
942 _2udc
_cMONOGRAFIA
_n0
999 _c147839
_d147839